Statistics for Coronation Street Characters

Click here to take the quiz!

General Stats

  • This quiz has been taken 3,765 times
  • The average score is 35 of 67

Answer Stats

HintAnswer% Correct
BarlowKen
91%
AlahanDev
87%
PlattDavid
85%
McDonaldSteve
85%
BarlowTracy
85%
BarlowPeter
81%
CrppperRoy
81%
McIntyreGail
80%
ConnorCarla
79%
WebsterKevin
79%
WebsterSally
79%
StapeFiz
77%
TilsleyNick
74%
WindassGary
73%
BishopEmily
71%
GrimshawEileen
69%
ColeNorris
69%
WebsterSophie
69%
GrimshawJason
67%
McDonaldAmy
65%
ConnorMichelle
65%
WindassAnna
64%
TannerRita
63%
TinkerBeth
62%
McIntyreTina
62%
BarlowSimon
61%
CopperHayley
60%
TilsleyLeanne
60%
RobertsAudrey
59%
BrownChesney
59%
SutherlandKirk
58%
PlattKylie
56%
ConnorMaria
55%
TullySean
53%
WindassFaye
50%
ArmstrongIzzy
49%
ArmstrongOwen
49%
AlahanAsha
48%
StapeHope
47%
TinkerCraig
46%
ArmstrongKaty
45%
PriceEva
44%
ConnnorLiam
43%
TannerDennis
42%
DonovanRob
42%
PackhamBrian
38%
CarpJulie
38%
TinkerSinead
38%
PriceStella
37%
TaylorMary
36%
DuckworthTommy
36%
AlahanAadi
32%
MullaneyLloyd
32%
TurnerMax
32%
ConnorRyan
31%
MunroKarl
29%
BrownJoseph
27%
SoamesRuby
26%
BarlowDierdre
24%
PriceGloria
23%
KershawPaul
22%
DentMarcus
20%
DobbsTyronne
20%
KamaraJenna
12%
CarterMatt
12%
KamaraMandy
10%
GoodwinSylvia
10%

Score Distribution

Percentile by Number Answered

Percent of People with Each Score

Your Score History

You have not taken this quiz